| 000 | 00867cab a2200289 4500 | ||
|---|---|---|---|
| 001 | ABS54436 | ||
| 008 | 090401t xxu||||| |||| 00| 0 eng d | ||
| 035 | _a(Sirsi) u10322 | ||
| 041 | _aeng | ||
| 100 | _aHarrison, S.R. | ||
| 245 | _aInternet: a business necessity or time-consuming curiosity | ||
| 260 | _c9(4) Winter 1995/6, 184-197(7) | ||
| 350 | _a0 | ||
| 490 |
_aFarmland Market _v9(4) Winter 1995/6, 184-197(7) |
||
| 520 | _aAssesses the impact of the Internet and information technology on the rural economy. | ||
| 650 | _aELECTRONIC CONFERENCING | ||
| 650 | _aELECTRONIC MAIL | ||
| 650 | _aINTERNET | ||
| 650 | _aNETWORKING | ||
| 650 | _aRURAL AREAS | ||
| 650 | _aTELEWORKING | ||
| 690 | _aMANAGEMENT-BUSINESS MANAGEMENT-INFORMATION MANAGEMENT | ||
| 690 | _aRURAL PRACTICE | ||
| 700 | _aWilliams, N.T. | ||
| 942 | _n0 | ||
| 948 | _c04/03/1997 | ||
| 999 |
_c6496 _d6496 |
||